00382nam a2200109Ia 450000500170000000800410001710000310005824501030008926000560019230000110024865000130025920260328101459.0260328s9999||||xx |||||||||||||| ||und|| aJanson Pérez, Brittmarie 0aGolpes y tratados :b Piezas para el rompecabezas de nuestra Historia /cBrittmarie Janson Pérez bInstituto de Estudios Políticos e Internacionales a317 p. aHISTORIA